| 000 | 01621nam a22002777a 4500 | ||
|---|---|---|---|
| 005 | 20081117123210.0 | ||
| 008 | 081117t xxu||||| |||| 00| 0 hin d | ||
| 010 | _aHIN-85085 | ||
| 020 |
_c195.00 _a9788189962265 |
||
| 035 | _aHN-57431 | ||
| 037 | _bDBAD / PUB | ||
| 040 |
_aDPL _bHN |
||
| 082 | _a230.1 | ||
| 100 | _aभादुड़ी, नृसिंहप्रसाद | ||
| 245 |
_aमहाभारत के प्रवीण द्रोणाचार्य / _bनृसिंहप्रसाद भादुड़ी; उत्पल बैनर्जी द्वारा बांग्ला से अनुदित |
||
| 246 |
_bby Nrisinghprasad Bhaduri _aMahabhaarata ke praviina Dronaacharyaa |
||
| 260 |
_aगाजियाबाद _bरेमाधव पब्लिकेशन्स प्रा.लि. _c2008 |
||
| 270 |
_aसी-22,तृतीय तल, आर.डी.सी.राजनगर, _bगाजियाबाद _e201002 _k0120-6456849, _l0120-2702672 _mcontact@remadhav.com |
||
| 300 |
_a160 पृ _c22सेमी (सजिल्द) |
||
| 500 | _aबांग्ला से अनुवाद | ||
| 650 | _aDroṇa (Hindu mythology) | ||
| 650 | _aद्रोण (हिन्दू पौराणिक कथा ) | ||
| 700 | _aबैनर्जी, उत्पल | ||
| 942 |
_2ddc _cHN _mभादुड़ी _h230.1 |
||
| 999 |
_c18836 _d18836 |
||